[Event "URU-chT Clubs"]
[Site "Punta del Este"]
[Date "2021.10.31"]
[Round "4.3"]
[White "El Ters, Antouan"]
[Black "Carvalho, Guillermo"]
[Result "1/2-1/2"]
[WhiteElo "2188"]
[BlackElo "2177"]
[PlyCount "58"]
[EventDate "2021.10.29"]
[EventType "team-swiss"]
[EventRounds "5"]
[EventCountry "URU"]
[SourceTitle "CBM 205 Extra"]
[Source "ChessBase"]
[SourceDate "2022.01.31"]
[SourceVersion "1"]
[SourceVersionDate "2022.01.31"]
[SourceQuality "1"]
[WhiteTeam "Rivera"]
[BlackTeam "Montevideo Trebejos"]
[WhiteTeamCountry "URU"]
[BlackTeamCountry "URU"]

1. Nf3 d5 2. g3 Nf6 3. Bg2 h6 4. 0-0 Bf5 5. d3 e6 6. c4 c6 7. Qb3 Qb6 8. Qxb6 axb6 9. Nc3 Nbd7 10. cxd5 exd5 11. e4 dxe4 12. dxe4 Be6 13. Nd4 Bc4 14. Rd1 Bc5 15. Bf4 g5 16. Be3 Ng4 17. Bc1 Nde5 18. h3 Rd8 19. Be3 Nxe3 20. fxe3 Be6 21. Na4 Ke7 22. Rac1 Ra8 23. b3 Ba3 24. Rc2 b5 25. Nc5 Bxc5 26. Rxc5 f6 27. Rc2 h5 28. Kf2 h4 29. g4 Ra3 1/2-1/2

[Event "URU-chT Clubs"]
[Site "Punta del Este"]
[Date "2021.10.31"]
[Round "5.4"]
[White "Nakle, Gonzalo"]
[Black "El Ters, Antouan"]
[Result "0-1"]
[WhiteElo "1612"]
[BlackElo "2188"]
[PlyCount "59"]
[EventDate "2021.10.29"]
[EventType "team-swiss"]
[EventRounds "5"]
[EventCountry "URU"]
[SourceTitle "CBM 205 Extra"]
[Source "ChessBase"]
[SourceDate "2022.01.31"]
[SourceVersion "1"]
[SourceVersionDate "2022.01.31"]
[SourceQuality "1"]
[WhiteTeam "Florida"]
[BlackTeam "Rivera"]
[WhiteTeamCountry "URU"]
[BlackTeamCountry "URU"]

1. d4 Nf6 2. c4 e6 3. g3 c5 4. d5 exd5 5. cxd5 d6 6. Bg2 g6 7. Nc3 Bg7 8. Nf3 0-0 9. 0-0 a6 10. Bf4 b5 11. e4 b4 12. Na4 Nxe4 13. Re1 Nf6 14. Rc1 Bb7 15. b3 Bxd5 16. Qd2 Nc6 17. Rcd1 Ra7 18. Bg5 Bxf3 19. Bxf3 Nd4 20. Bg2 Re8 21. Nb2 Rae7 22. Rxe7 Rxe7 23. Nd3 Re2 24. Qf4 Qe7 25. Nc1 Re1+ 26. Rxe1 Qxe1+ 27. Bf1 Ne6 28. Kg2 h6 29. Bxh6 Bxh6 30. Qxh6 0-1

[Event "Montevideo Nazzari Cup"]
[Site "Montevideo"]
[Date "2019.10.18"]
[Round "5"]
[White "Diaz Hollemaert, Nahuel Carlos"]
[Black "El Ters, Antouan"]
[Result "1-0"]
[WhiteElo "2439"]
[BlackElo "2200"]
[PlyCount "48"]
[EventDate "2019.10.14"]
[EventType "swiss"]
[EventRounds "7"]
[EventCountry "URU"]
[SourceTitle "CBM 192 Extra"]
[Source "Chessbase"]
[SourceDate "2019.11.06"]
[SourceVersion "1"]
[SourceVersionDate "2019.11.06"]
[SourceQuality "1"]

1. Nf3 Nf6 2. c4 e6 3. b3 d5 4. Bb2 Be7 5. g3 0-0 6. Bg2 b6 7. 0-0 Bb7 8. e3 Nbd7 9. Qe2 Nc5 10. d4 Nce4 11. Ne5 Nd7 12. cxd5 exd5 13. Rd1 Bd6 14. f3 Nef6 15. Nd2 Re8 16. f4 a5 17. a3 Qe7 18. g4 Nf8 19. g5 Ne4 20. Nxe4 dxe4 21. d5 Ng6 22. Ng4 Bc5 23. Kh1 Nh4 24. Bxg7 Kxg7 1-0

[Event "Punta del Este Interdepartamental"]
[Site "Punta del Este"]
[Date "2019.08.25"]
[Round "4.1"]
[White "Michailov, Matias"]
[Black "El Ters, Antouan"]
[Result "1-0"]
[WhiteElo "2257"]
[BlackElo "2181"]
[PlyCount "84"]
[EventDate "2019.08.23"]
[EventType "team-swiss"]
[EventRounds "5"]
[EventCountry "URU"]
[SourceTitle "EXT 2020"]
[Source "ChessBase"]
[SourceDate "2019.10.17"]
[SourceVersion "1"]
[SourceVersionDate "2019.10.17"]
[SourceQuality "1"]
[WhiteTeam "Paysandu"]
[BlackTeam "Rivera"]
[WhiteTeamCountry "URU"]
[BlackTeamCountry "URU"]

1. e4 c5 2. Nf3 Nc6 3. d4 cxd4 4. Nxd4 Nf6 5. Nc3 d6 6. Bg5 e5 7. Nf5 Bxf5 8. exf5 Be7 9. Bc4 Nd4 10. Bxf6 Bxf6 11. Qd3 0-0 12. 0-0 Rc8 13. Bb3 Re8 14. Rad1 Qa5 15. Nd5 Qd8 16. c3 Nxb3 17. axb3 e4 18. Qg3 Re5 19. Ne3 Bh4 20. Qh3 Be7 21. Ng4 Rec5 22. b4 Rc4 23. Rd5 f6 24. Ne3 R4c6 25. Rfd1 Bf8 26. R5d4 Qe7 27. Nd5 Qe5 28. Ne3 a6 29. Qg4 Re8 30. h4 Kh8 31. h5 b5 32. h6 gxh6 33. Qh5 Rcc8 34. Ng4 Qe7 35. Rxd6 Red8 36. Rxd8 Rxd8 37. Re1 Bg7 38. Qh2 h5 39. Qxh5 Rd2 40. Qh2 Kg8 41. Qf4 Qd6 42. Qxe4 Bf8 1-0

[Event "URU Department-chT"]
[Site "Punta del Este"]
[Date "2018.08.25"]
[Round "4.31"]
[White "El Ters, Antouan"]
[Black "Arias Bouzada, Jorge"]
[Result "1-0"]
[WhiteElo "2194"]
[BlackElo "2100"]
[PlyCount "53"]
[EventDate "2018.08.24"]
[EventType "team-swiss"]
[EventRounds "5"]
[EventCountry "URU"]
[SourceTitle "EXT 2019"]
[Source "ChessBase"]
[SourceDate "2018.10.10"]
[SourceVersion "1"]
[SourceVersionDate "2018.10.10"]
[SourceQuality "1"]
[WhiteTeam "Rivera"]
[BlackTeam "Canelones"]
[WhiteTeamCountry "URU"]
[BlackTeamCountry "URU"]

1. e4 c5 2. Nf3 Nc6 3. d4 cxd4 4. Nxd4 g6 5. Nc3 Bg7 6. Be3 Nf6 7. Be2 0-0 8. 0-0 d5 9. exd5 Nxd5 10. Nxd5 Qxd5 11. Bf3 Qc4 12. Nxc6 bxc6 13. c3 Bf5 14. Qc1 e5 15. Re1 Rfd8 16. Bd1 Bd3 17. Bh6 Bh8 18. Qg5 Qb5 19. Bb3 Bc4 20. Rad1 f6 21. Qe3 Bxb3 22. axb3 Rxd1 23. Rxd1 Qxb3 24. Rd7 Qxb2 25. h4 Qb1+ 26. Kh2 Qf5 27. Qd2 1-0

[Event "URU-chTA"]
[Site "Montevideo"]
[Date "2018.07.08"]
[Round "5.12"]
[White "El Ters, Antouan"]
[Black "Roselli Mailhe, Bernardo"]
[Result "0-1"]
[WhiteElo "2198"]
[BlackElo "2433"]
[PlyCount "114"]
[EventDate "2018.07.06"]
[EventType "team-swiss"]
[EventRounds "5"]
[EventCountry "URU"]
[SourceTitle "EXT 2019"]
[Source "ChessBase"]
[SourceDate "2018.10.10"]
[SourceVersion "1"]
[SourceVersionDate "2018.10.10"]
[SourceQuality "1"]
[WhiteTeam "Trebejos"]
[BlackTeam "Banco Republica"]
[WhiteTeamCountry "URU"]
[BlackTeamCountry "URU"]

1. e4 e6 2. d4 d5 3. Nd2 c5 4. exd5 exd5 5. Ngf3 Nc6 6. dxc5 Bxc5 7. Nb3 Bb6 8. Be2 Nf6 9. 0-0 0-0 10. Bg5 Re8 11. Bh4 h6 12. Qd2 Bg4 13. Rae1 Qd6 14. Bg3 Qd7 15. Bd3 Bxf3 16. gxf3 Nh5 17. Rxe8+ Rxe8 18. Re1 Nxg3 19. hxg3 Ne5 20. Kg2 Nxd3 21. Rxe8+ Qxe8 22. Qxd3 Qe5 23. c3 g6 24. Nd4 Qe1 25. Qe2 Qxe2 26. Nxe2 Bc7 27. f4 Kg7 28. Nc1 Kf6 29. Nd3 Bd6 30. Kf3 Ke6 31. Ke3 h5 32. Kf3 f6 33. Ne1 g5 34. fxg5 fxg5 35. Nd3 Kf5 36. Ne1 h4 37. gxh4 gxh4 38. Ng2 h3 39. Ne3+ Ke6 40. Nc2 a6 41. Nd4+ Kf6 42. Ne2 Kg5 43. Nd4 Kf6 44. Ne2 Be5 45. Ng3 Kg5 46. Ne2 b5 47. Nc1 Kf5 48. Nd3 Bd6 49. b4 Ke6 50. a3 Kf5 51. Nc5 Bxc5 52. bxc5 a5 53. Kg3 d4 54. c6 Ke6 55. cxd4 b4 56. axb4 axb4 57. f4 Kd6 0-1

[Event "URU-chTA"]
[Site "Montevideo"]
[Date "2018.07.07"]
[Round "3.21"]
[White "El Ters, Antouan"]
[Black "Dominguez, Facundo"]
[Result "1/2-1/2"]
[WhiteElo "2198"]
[BlackElo "2104"]
[PlyCount "124"]
[EventDate "2018.07.06"]
[EventType "team-swiss"]
[EventRounds "5"]
[EventCountry "URU"]
[SourceTitle "EXT 2019"]
[Source "ChessBase"]
[SourceDate "2018.10.10"]
[SourceVersion "1"]
[SourceVersionDate "2018.10.10"]
[SourceQuality "1"]
[WhiteTeam "Trebejos"]
[BlackTeam "Trebejos Piratas"]
[WhiteTeamCountry "URU"]
[BlackTeamCountry "URU"]

1. e4 e6 2. d4 d5 3. Nc3 Nf6 4. Bg5 dxe4 5. Nxe4 Be7 6. Nc3 0-0 7. Nf3 b6 8. Bd3 Bb7 9. h4 Nbd7 10. Qe2 c5 11. 0-0-0 Bxf3 12. gxf3 cxd4 13. Ne4 Ne5 14. Rhg1 Kh8 15. Kb1 Nxd3 16. Rxd3 e5 17. Ng3 Nd7 18. Bxe7 Qxe7 19. Rxd4 Qe6 20. Rg4 f5 21. Rc4 Nc5 22. Nh5 Rf7 23. f4 Ne4 24. Ka1 Re8 25. fxe5 g6 26. Nf4 Qxe5 27. Qe3 Nd6 28. Qxe5+ Rxe5 29. Rc6 Rfe7 30. Rxd6 Re1+ 31. Rd1 Rxd1+ 32. Rxd1 Re4 33. Nd3 Rxh4 34. b3 h5 35. c4 Kg7 36. Kb2 Rg4 37. Kc3 a5 38. a3 h4 39. Rh1 g5 40. b4 axb4+ 41. axb4 Kf6 42. Rh3 Ke6 43. b5 Kd6 44. Rf3 f4 45. Kd4 Rg1 46. Ke4 Ke6 47. c5 bxc5 48. Nxc5+ Kd6 49. Nb3 Kc7 50. Rc3+ Kb6 51. Nd4 g4 52. Kxf4 h3 53. Rc6+ Kb7 54. Rh6 Rg2 55. Ke3 Rg1 56. b6 Rb1 57. Nf5 Rb3+ 58. Kf4 Rf3+ 59. Kxg4 Rxf2 60. Ne3 Rd2 61. Rxh3 Rd4+ 62. Kf5 Kxb6 1/2-1/2

[Event "URU-ch Seniors 50"]
[Site "Montevideo"]
[Date "2018.06.17"]
[Round "4.1"]
[White "Genta, Alejandro"]
[Black "El Ters, Antouan"]
[Result "1-0"]
[WhiteElo "1986"]
[BlackElo "2203"]
[PlyCount "77"]
[EventDate "2018.06.15"]
[EventType "swiss"]
[EventRounds "5"]
[EventCountry "URU"]
[SourceTitle "EXT 2019"]
[Source "ChessBase"]
[SourceDate "2018.10.10"]
[SourceVersion "1"]
[SourceVersionDate "2018.10.10"]
[SourceQuality "1"]

1. d4 Nf6 2. c4 e6 3. Nc3 d5 4. cxd5 exd5 5. Bg5 Be7 6. e3 c6 7. Bd3 Nbd7 8. Qc2 h6 9. Bf4 Nf8 10. Nf3 Ne6 11. Bg3 0-0 12. 0-0 Bd6 13. Bh4 Be7 14. Rab1 Ng4 15. Bxe7 Qxe7 16. h3 Nf6 17. b4 Ng5 18. Ne5 Nfe4 19. f4 Nxc3 20. fxg5 Ne4 21. Bxe4 dxe4 22. gxh6 gxh6 23. Rf4 Be6 24. Rbf1 Qg5 25. Kh2 h5 26. h4 Qg7 27. Rf6 a5 28. b5 Kh8 29. R6f2 Rg8 30. Qc5 Qg3+ 31. Kg1 Rg7 32. Nxf7+ Bxf7 33. Rxf7 Rag8 34. bxc6 bxc6 35. Rxg7 Kxg7 36. Qe7+ Kh8 37. Qf6+ Kh7 38. Qf5+ Kh6 39. Qxe4 1-0

[Event "Montevideo Duchamp Cup 2nd"]
[Site "Montevideo"]
[Date "2018.02.04"]
[Round "4"]
[White "El Ters, Antouan"]
[Black "Diaz Hollemaert, Nahuel Carlos"]
[Result "0-1"]
[WhiteElo "2188"]
[BlackElo "2426"]
[PlyCount "86"]
[EventDate "2018.02.02"]
[EventType "swiss"]
[EventRounds "9"]
[EventCountry "URU"]
[SourceTitle "CBM 182 Extra"]
[Source "ChessBase"]
[SourceDate "2018.02.23"]
[SourceVersion "1"]
[SourceVersionDate "2018.02.23"]
[SourceQuality "1"]

1. e4 c5 2. Nf3 e6 3. Nc3 a6 4. d4 cxd4 5. Nxd4 Qc7 6. Bd3 Bc5 7. Nce2 Nf6 8. 0-0 d6 9. a4 0-0 10. h3 Nbd7 11. c3 Re8 12. Bc2 d5 13. exd5 Nxd5 14. Qd3 N7f6 15. Bg5 e5 16. Nb3 e4 17. Qg3 Bd6 18. Qh4 h6 19. Bxf6 Nxf6 20. Nbd4 Bd7 21. Rad1 Rad8 22. Rd2 Re5 23. Ng3 Rde8 24. Re2 Rg5 25. Re3 Bf4 26. Rfe1 Bxe3 27. Rxe3 Rge5 28. Nxe4 Nxe4 29. Rxe4 Rxe4 30. Bxe4 g5 31. Qxh6 Rxe4 32. Qxg5+ Kf8 33. Qh6+ Ke8 34. f3 Re1+ 35. Kf2 Qe5 36. Qd2 Rh1 37. b3 Bxh3 38. f4 Qe4 39. Nf3 Bd7 40. Ng5 Qf5 41. Qe3+ Kf8 42. Ne4 Bc6 43. Nd6 Qc2+ 0-1

[Event "Montevideo Duchamp Cup 2nd"]
[Site "Montevideo"]
[Date "2018.02.04"]
[Round "5"]
[White "Vazquez, Facundo"]
[Black "El Ters, Antouan"]
[Result "0-1"]
[WhiteElo "1883"]
[BlackElo "2188"]
[PlyCount "152"]
[EventDate "2018.02.02"]
[EventType "swiss"]
[EventRounds "9"]
[EventCountry "URU"]
[SourceTitle "CBM 182 Extra"]
[Source "ChessBase"]
[SourceDate "2018.02.23"]
[SourceVersion "1"]
[SourceVersionDate "2018.02.23"]
[SourceQuality "1"]

1. d4 Nf6 2. c4 e6 3. Nf3 d5 4. cxd5 exd5 5. Bg5 c5 6. Nc3 cxd4 7. Nxd4 Be7 8. e3 0-0 9. Be2 Nc6 10. 0-0 h6 11. Bf4 Bd6 12. Bxd6 Qxd6 13. Nxc6 bxc6 14. Rc1 Rb8 15. b3 Rb4 16. Bf3 Ng4 17. g3 Ne5 18. Bg2 Bg4 19. f3 Bc8 20. Rf2 Qg6 21. Rd2 f5 22. Ne2 Re8 23. Nf4 Qf6 24. Qc2 Rb6 25. Qc3 Ba6 26. Ne2 Bxe2 27. Rxe2 Re7 28. Qd4 Kh8 29. Rce1 Rb8 30. Kh1 Rbe8 31. e4 fxe4 32. fxe4 c5 33. Qc3 dxe4 34. Rxe4 Ng4 35. Qxf6 Rxe4 36. Rxe4 Nxf6 37. Rxe8+ Nxe8 38. Kg1 Kg8 39. Kf2 Kf7 40. Ke3 Ke6 41. Be4 Ke5 42. Bc6 Nd6 43. g4 g5 44. h3 Nc8 45. a4 a5 46. Kd3 Nd6 47. Ke3 Kf6 48. Ke2 Nf7 49. Ke3 Ne5 50. Be4 Ke6 51. Bf5+ Kd5 52. Be4+ Kd6 53. Bf5 Nc6 54. Bd3 Nd4 55. Bc4 Ke5 56. Bf7 Nc6 57. Bc4 Nd8 58. Bg8 Nb7 59. Bc4 Nd6 60. Bd3 Kd5 61. Ba6 c4 62. Kd2 Ne4+ 63. Ke3 Nd6 64. bxc4+ Nxc4+ 65. Bxc4+ Kxc4 66. Ke4 Kb4 67. Kf5 Kxa4 68. Kg6 Kb4 69. Kxh6 a4 70. Kxg5 a3 71. h4 a2 72. h5 a1Q 73. Kg6 Qa6+ 74. Kg5 Qa5+ 75. Kg6 Qb6+ 76. Kf7 Qh6 0-1

[Event "URU-chT Provinces"]
[Site "Montevideo"]
[Date "2017.08.25"]
[Round "2.1"]
[White "El Ters, Antouan"]
[Black "Dominguez, Facundo"]
[Result "1-0"]
[WhiteElo "2184"]
[BlackElo "2061"]
[PlyCount "55"]
[EventDate "2017.08.25"]
[EventType "team-swiss"]
[EventRounds "5"]
[EventCountry "URU"]
[SourceTitle "EXT 2019"]
[Source "ChessBase"]
[SourceDate "2018.10.10"]
[SourceVersion "1"]
[SourceVersionDate "2018.10.10"]
[SourceQuality "1"]
[WhiteTeam "Rivera"]
[BlackTeam "Montevideo Trebejos"]
[WhiteTeamCountry "URU"]
[BlackTeamCountry "URU"]

1. e4 e6 2. d4 d5 3. Nd2 Nc6 4. Ngf3 Nf6 5. e5 Nd7 6. c4 dxc4 7. Nxc4 Nb6 8. Ne3 Nb4 9. Be2 Be7 10. 0-0 N4d5 11. Nc2 Bd7 12. Nfe1 Rc8 13. Nd3 Bb5 14. Nc5 Bxe2 15. Qxe2 Rb8 16. Ne4 0-0 17. Rd1 Nd7 18. Rd3 Re8 19. Rg3 Nf8 20. Qg4 Ng6 21. h4 Bxh4 22. Bg5 Bxg5 23. Nxg5 Ndf4 24. Re1 c5 25. Re4 Nd5 26. Qh5 Qb6 27. Qxh7+ Kf8 28. Rf3 1-0

[Event "Montevideo Senior-ch"]
[Site "Montevideo"]
[Date "2017.06.19"]
[Round "5"]
[White "El Ters, Antouan"]
[Black "Visillac, Alejandro"]
[Result "1-0"]
[WhiteElo "2184"]
[BlackElo "1842"]
[PlyCount "61"]
[EventDate "2017.06.17"]
[EventType "swiss"]
[EventRounds "5"]
[EventCountry "URU"]
[SourceTitle "CBM 179 Extra"]
[Source "ChessBase"]
[SourceDate "2017.08.23"]
[SourceVersion "1"]
[SourceVersionDate "2017.08.23"]
[SourceQuality "1"]

1. e4 e6 2. d4 d5 3. Nc3 Bb4 4. exd5 exd5 5. Nf3 Nf6 6. Bd3 Bg4 7. 0-0 0-0 8. Bg5 c6 9. Re1 Nbd7 10. h3 Bh5 11. g4 Bg6 12. Ne5 Qb6 13. Bxg6 fxg6 14. Bxf6 Nxf6 15. Re3 Bxc3 16. bxc3 Qc7 17. Qe2 Ne4 18. f3 Ng5 19. Kg2 Rad8 20. Re1 Rd6 21. h4 Ne6 22. Nd3 Nd8 23. Nc5 b6 24. Re7 Qc8 25. Nd3 Nf7 26. Rxa7 Rf6 27. Qe7 Rxf3 28. Kxf3 Ne5+ 29. Ke2 Qxg4+ 30. Kd2 Qg2+ 31. Kc1 1-0

[Event "American Continental 11th"]
[Site "Montevideo"]
[Date "2015.05.24"]
[Round "11"]
[White "Dominguez, Facundo"]
[Black "El Ters, Antouan"]
[Result "0-1"]
[WhiteElo "1947"]
[BlackElo "2208"]
[PlyCount "52"]
[EventDate "2015.05.15"]
[EventType "swiss"]
[EventRounds "11"]
[EventCountry "URU"]
[SourceTitle "CBM 167"]
[Source "ChessBase"]
[SourceDate "2015.07.13"]
[SourceVersion "1"]
[SourceVersionDate "2015.07.13"]
[SourceQuality "1"]

1. e4 c5 2. Nc3 Nc6 3. g3 g6 4. Bg2 Bg7 5. d3 Nf6 6. Be3 d6 7. h3 0-0 8. Nf3 d5 9. e5 Nxe5 10. Nxe5 d4 11. Bd2 dxc3 12. bxc3 Nd5 13. d4 Be6 14. 0-0 Rc8 15. Rb1 cxd4 16. cxd4 Nb6 17. Ba5 Bxa2 18. Bxb6 axb6 19. Rb4 Bd5 20. Bxd5 Qxd5 21. Rxb6 Rc7 22. Re1 Rd8 23. Qb1 Qxd4 24. Rb4 Qd5 25. Nd3 Bd4 26. Nf4 Qf3 0-1

[Event "American Continental 11th"]
[Site "Montevideo"]
[Date "2015.05.16"]
[Round "2"]
[White "El Ters, Antouan"]
[Black "Matamoros Franco, Carlos S"]
[Result "1/2-1/2"]
[WhiteElo "2208"]
[BlackElo "2525"]
[PlyCount "38"]
[EventDate "2015.05.15"]
[EventType "swiss"]
[EventRounds "11"]
[EventCountry "URU"]
[SourceTitle "CBM 167"]
[Source "ChessBase"]
[SourceDate "2015.07.13"]
[SourceVersion "1"]
[SourceVersionDate "2015.07.13"]
[SourceQuality "1"]

1. e4 c6 2. Nc3 d5 3. d4 dxe4 4. Nxe4 Bf5 5. Ng3 Bg6 6. Nf3 e6 7. h4 h6 8. Bd3 Bxd3 9. Qxd3 Nf6 10. Bd2 c5 11. Ne4 Nbd7 12. 0-0-0 Qc7 13. Nxf6+ Nxf6 14. Qb5+ Qd7 15. Qxd7+ Nxd7 16. d5 exd5 17. Rhe1+ Be7 18. Bf4 Nf8 19. Rxd5 Ne6 1/2-1/2

[Event "URU-chT Departamental"]
[Site "Punta del Este"]
[Date "2014.11.09"]
[Round "4.13"]
[White "Ledesma, Sebastian"]
[Black "El Ters, Antouan"]
[Result "0-1"]
[WhiteElo "1965"]
[BlackElo "2205"]
[PlyCount "51"]
[EventDate "2014.11.07"]
[EventType "team-swiss"]
[EventRounds "5"]
[EventCountry "URU"]
[SourceTitle "EXT 2017"]
[Source "ChessBase"]
[SourceDate "2016.10.25"]
[SourceVersion "1"]
[SourceVersionDate "2016.10.25"]
[SourceQuality "1"]

1. e4 e5 2. Nf3 Nc6 3. d4 exd4 4. Nxd4 Bc5 5. Nxc6 bxc6 6. Bd3 Qh4 7. Qf3 Ne7 8. Nc3 0-0 9. Qg3 Qxg3 10. hxg3 d6 11. Bg5 Re8 12. Na4 Bb4+ 13. c3 Ba5 14. 0-0-0 Be6 15. c4 Ng6 16. b3 h6 17. Bd2 Bxd2+ 18. Rxd2 Ne5 19. Bb1 c5 20. Nc3 Nc6 21. Nb5 Re7 22. Re1 a6 23. Nc3 Rae8 24. f3 f6 25. Ne2 Bf7 26. g4 0-1

[Event "URU-chT Departamental"]
[Site "Punta del Este"]
[Date "2014.11.08"]
[Round "3.13"]
[White "El Ters, Antouan"]
[Black "Gatti, Santiago"]
[Result "1-0"]
[WhiteElo "2205"]
[BlackElo "1740"]
[PlyCount "59"]
[EventDate "2014.11.07"]
[EventType "team-swiss"]
[EventRounds "5"]
[EventCountry "URU"]
[SourceTitle "EXT 2017"]
[Source "ChessBase"]
[SourceDate "2016.10.25"]
[SourceVersion "1"]
[SourceVersionDate "2016.10.25"]
[SourceQuality "1"]

1. e4 d5 2. Nc3 d4 3. Nce2 e5 4. Nf3 Nc6 5. Ng3 Nf6 6. Bb5 Qd6 7. 0-0 g6 8. d3 Bg7 9. c3 0-0 10. Bxc6 bxc6 11. cxd4 Nd7 12. dxe5 Nxe5 13. Nxe5 Qxe5 14. Qc2 Bb7 15. Be3 Ba6 16. d4 Qb5 17. Rfc1 c5 18. Qxc5 Qb7 19. Qxc7 Qxb2 20. Qa5 Bd3 21. Qc3 Qxc3 22. Rxc3 Bb5 23. Rc5 a6 24. Rd1 Rfd8 25. Rc3 Rd7 26. f4 Rad8 27. e5 f6 28. Rdc1 fxe5 29. fxe5 Kf7 30. Ne4 1-0

[Event "URU-chT Clubs"]
[Site "Punta del Este"]
[Date "2014.08.24"]
[Round "4.12"]
[White "Rodriguez Vila, Andres"]
[Black "El Ters, Antouan"]
[Result "1-0"]
[WhiteElo "2435"]
[BlackElo "2207"]
[PlyCount "39"]
[EventDate "2014.08.23"]
[EventType "team-swiss"]
[EventRounds "5"]
[EventCountry "URU"]
[SourceTitle "EXT 2017"]
[Source "ChessBase"]
[SourceDate "2016.10.25"]
[SourceVersion "1"]
[SourceVersionDate "2016.10.25"]
[SourceQuality "1"]

1. e4 e5 2. Nf3 Nc6 3. Bc4 Be7 4. 0-0 Nf6 5. d3 0-0 6. Re1 d6 7. c3 Na5 8. Bb5 Bd7 9. Bxd7 Qxd7 10. Nbd2 Nc6 11. d4 Rfe8 12. d5 Nb8 13. b4 c6 14. Qb3 cxd5 15. exd5 Na6 16. Nf1 Nc7 17. Ne3 a5 18. a3 axb4 19. cxb4 Nb5 20. Bb2 1-0

[Event "URU-chTA"]
[Site "Punta del Este"]
[Date "2013.08.17"]
[Round "3.11"]
[White "Pinero, Ismael"]
[Black "El Ters, Antouan"]
[Result "0-1"]
[WhiteElo "1907"]
[BlackElo "2205"]
[PlyCount "90"]
[EventDate "2013.08.16"]
[EventType "team-swiss"]
[EventRounds "5"]
[EventCountry "URU"]
[SourceTitle "EXT 2018"]
[Source "ChessBase"]
[SourceDate "2017.10.13"]
[SourceVersion "1"]
[SourceVersionDate "2017.10.13"]
[SourceQuality "1"]

1. e4 e5 2. Nf3 Nc6 3. Bb5 d6 4. 0-0 Bd7 5. c3 g6 6. d3 Bg7 7. Na3 Nf6 8. Nc2 0-0 9. Bg5 h6 10. Bh4 Ne7 11. Bc4 c6 12. Bb3 a5 13. Ne3 b5 14. Bc2 Ng4 15. d4 Nxe3 16. fxe3 f6 17. Qd2 g5 18. Bf2 Be6 19. b3 Qc7 20. a4 Rfb8 21. Rfb1 b4 22. c4 g4 23. Nh4 Kh8 24. Nf5 Nxf5 25. exf5 Bf7 26. Bg3 h5 27. Rf1 Bh6 28. Rad1 Qb6 29. Qd3 Rc8 30. Bf2 d5 31. c5 Qa6 32. Qxa6 Rxa6 33. Rfe1 Ra7 34. Kf1 Bg5 35. h4 gxh3 36. gxh3 h4 37. Bd3 Bh5 38. Be2 Rh7 39. e4 dxe4 40. Bxh5 Rxh5 41. Rxe4 Bf4 42. dxe5 fxe5 43. Rd6 Rxf5 44. Ke2 Rg8 45. Bxh4 Rh5 0-1

[Event "Montevideo op"]
[Site "Montevideo"]
[Date "2012.06.19"]
[Round "7"]
[White "El Ters, Antouan"]
[Black "Vaz Lacuesta, Leonardo"]
[Result "1-0"]
[WhiteElo "2254"]
[BlackElo "2051"]
[PlyCount "83"]
[EventDate "2012.06.15"]
[EventType "swiss"]
[EventRounds "9"]
[EventCountry "URU"]
[SourceTitle "CBM 149 Extra"]
[Source "ChessBase"]
[SourceDate "2012.08.24"]
[SourceVersion "1"]
[SourceVersionDate "2012.08.24"]
[SourceQuality "1"]

1. e4 e6 2. d4 d5 3. Nc3 Bb4 4. exd5 exd5 5. Nf3 Bg4 6. Be2 h6 7. 0-0 Ne7 8. Bf4 c6 9. Ne5 Bf5 10. Bd3 0-0 11. Qh5 Bxd3 12. Nxd3 Bd6 13. Bxd6 Qxd6 14. Rfe1 Nd7 15. Re2 Ng6 16. g3 b6 17. Rae1 Nf6 18. Qf5 c5 19. dxc5 bxc5 20. Ne5 Ne7 21. Qd3 Rfe8 22. Nb5 Qd8 23. b3 a6 24. Nc3 Qc7 25. Qf3 Kf8 26. Ng4 Nxg4 27. Qxg4 d4 28. Na4 Ng6 29. Rxe8+ Rxe8 30. Rxe8+ Kxe8 31. Qe4+ Ne7 32. Qa8+ Kd7 33. Qxa6 Nd5 34. Qa8 Qd6 35. Qxd5 Qxd5 36. Nb6+ Kc6 37. Nxd5 Kxd5 38. Kf1 f5 39. Ke2 c4 40. bxc4+ Kxc4 41. Kd2 g5 42. a4 1-0

[Event "Montevideo op"]
[Site "Montevideo"]
[Date "2012.06.17"]
[Round "5"]
[White "El Ters, Antouan"]
[Black "Arias Bouzada, Jorge"]
[Result "0-1"]
[WhiteElo "2254"]
[BlackElo "2137"]
[PlyCount "82"]
[EventDate "2012.06.15"]
[EventType "swiss"]
[EventRounds "9"]
[EventCountry "URU"]
[SourceTitle "CBM 149 Extra"]
[Source "ChessBase"]
[SourceDate "2012.08.24"]
[SourceVersion "1"]
[SourceVersionDate "2012.08.24"]
[SourceQuality "1"]

1. e4 c5 2. Nf3 Nc6 3. d4 cxd4 4. Nxd4 g6 5. Nc3 Bg7 6. Nde2 Nf6 7. g3 0-0 8. Bg2 d6 9. 0-0 Bd7 10. Bg5 h6 11. Bd2 Ne5 12. b3 Qc8 13. Nf4 Bg4 14. f3 Bd7 15. Ncd5 Nxd5 16. Nxd5 Re8 17. Rc1 e6 18. Ne3 Qc5 19. f4 Nc6 20. Kh1 Nb4 21. c3 Nxa2 22. Rc2 Nxc3 23. Qe1 Rec8 24. Nd1 d5 25. exd5 exd5 26. b4 Qc4 27. Rxc3 Bxc3 28. Nxc3 Re8 29. Qf2 Bc6 30. b5 Bxb5 31. Nxb5 Qxb5 32. f5 g5 33. Qd4 Qc4 34. Qf6 Qc6 35. Qd4 Qc4 36. Qxc4 dxc4 37. Bxb7 Rad8 38. Rf2 Rd3 39. Ba6 Red8 40. Ba5 R8d4 41. Ra2 Rb3 0-1